000 00448pab a2200157 454500
008 180718b1997 xxu||||| |||| 00| 0 eng d
100 _aGulati, Ashok
245 _aFreeing trade in agriculture: implications for resource use efficiency and cropping pattern change
260 _c1997
300 _ap.A155-164
362 _a27 Dec
650 _aAgriculture
700 _aSharma, Anil
773 _aEconomic and Political Weekly
909 _a36130
999 _c36130
_d36130